| 000 | 00412nam a2200145Ia 4500 | ||
|---|---|---|---|
| 008 | 210210b1971 xxu||||| |||| 00| 0 eng d | ||
| 082 | _a658.4 JOHE | ||
| 100 | _aJOHNSON (Rossall J). | ||
| 245 | _aExecutive dicisions. | ||
| 260 |
_aBombay. _bD B Taraporevala Sons, _c1971 |
||
| 300 | _avii,412 | ||
| 650 | _aExecutive Decisions, Social Responsibility | ||
| 690 | _aExecutive Management | ||
| 906 | _aSG01359 | ||
| 999 |
_c112770 _d112770 |
||